Biggest Cities Ireland - Statistics

General Stats
  • This quiz has been taken 24 times
  • The average score is 5 of 10
Answer Stats
Ranking City % Correct
1 Dublin
100%
2 Cork
96%
4 Galway
74%
3 Limerick
70%
6 Waterford
61%
8 Drogheda
22%
9 Dundalk
22%
10 Bray
17%
7 Swords
13%
5 Tallaght
0%
No matching quizzes found
Score Distribution
Percent of People with Each Score
Percentile by Number Answered
Your Score History
You have not taken this quiz